The Ultimate How To Get Away With Murder Quiz 🎬 - Statistics

General Stats
  • This quiz has been taken 177 times
  • The average score is 15 of 30
Answer Stats
Hint Answer % Correct
In 'How to Get Away with Murder', how many AA meetings does Annalise go to before relapsing? 1
89%
In 'How to Get Away with Murder', which one of The Keating 5 dies first? Wes
89%
In 'How to Get Away with Murder', what university does Annalise Keating teach at? Middleton
86%
In 'How to Get Away with Murder', what season has an episode titled 'We're Bad People'? 3
82%
In 'How to Get Away with Murder', what season does Olivia Pope appear in? 4
82%
In 'How to Get Away with Murder', what episode during season 1 does Annalise remove her wig for the first time? 4
82%
In 'How to Get Away with Murder', how many months pregnant is Laurel when she gives birth? 7
75%
In 'How to Get Away with Murder', how many episodes are in season 1? 15
68%
In 'How to Get Away with Murder', what is Laurel's last name? Castillo
68%
In 'How to Get Away with Murder', what is Wes' last name? Gibbins
67%
In 'How to Get Away with Murder', what year did the 5th season premiere? 2018
63%
In 'How to Get Away with Murder', what is Wes' real birth name? Christophe
62%
Which 'How to Get Away with Murder' actress won an Emmy for Outstanding Lead Actress in 2015? Viola Davis
61%
What genre best describes the TV show 'How to Get Away with Murder'? Drama
59%
In 'How to Get Away with Murder', according to a tour guide, how many Attorney Generals have graduated from Middleton University? 10
58%
Which 'How to Get Away with Murder' character does Jack Falahee play? Connor Walsh
55%
In 'How to Get Away with Murder', what language does Laurel speak with her family? Spanish
54%
In 'How to Get Away with Murder', how does Asher's father die? Suicide
54%
In 'How to Get Away with Murder', what device is used to bug Asher's house? Pen
33%
In 'How to Get Away with Murder', how many clients does Annalise need to proceed with her class action lawsuit? 40
32%
In 'How to Get Away with Murder', what is the first name of Wes' dad? Wallace
32%
In 'How to Get Away with Murder', what is the name of the mysterious character introduced at the end of season 4? Gabriel
31%
In 'How to Get Away with Murder', who is Caleb Hapstall's sister? Catherine
29%
Actor Alfred Enoch from 'How to Get Away with Murder' was born in which year? 1988
28%
In 'How to Get Away with Murder', how does District Attorney Denver die? Car crash
23%
In 'How to Get Away with Murder', what is the name of Helena Hapstall's secret baby? Phillip
17%
In 'How to Get Away with Murder', what is the name of Annalise's cellmate who she defends in Season 4? Jasmine
9%
In 'How to Get Away with Murder', how many locations does the law firm Caplan and Gold have? 38
6%
In 'How to Get Away with Murder', what hotel does Annalise live at early in her career? Easton
4%
In 'How to Get Away with Murder', what is EGGS 911 a reference to? Text message
1%
No matching quizzes found
Score Distribution
Percent of People with Each Score
Percentile by Number Answered
Your Score History
You have not taken this quiz